[Event "CHN-chB"]
[Site "Qiziwan"]
[Date "2023.02.02"]
[Round "8"]
[White "Zhang, Di"]
[Black "Yang, Siyuan"]
[Result "1/2-1/2"]
[WhiteElo "2183"]
[BlackElo "1286"]
[PlyCount "213"]
[EventDate "2023.01.30"]
[EventType "swiss"]
[EventRounds "11"]
[EventCountry "CHN"]
[SourceTitle "CBM 212 Extra"]
[Source "ChessBase"]
[SourceDate "2023.03.31"]
[SourceVersion "1"]
[SourceVersionDate "2023.03.31"]
[SourceQuality "1"]

1. e4 c5 2. g3 d6 3. Bg2 Nc6 4. Ne2 Nf6 5. c3 h5 6. h3 h4 7. g4 d5 8. exd5 Nxd5 9. d4 e6 10. 0-0 Be7 11. dxc5 Bxc5 12. c4 Nb6 13. Qxd8+ Kxd8 14. b3 Ke7 15. Bb2 f6 16. Nbc3 Kf7 17. Rad1 Bb4 18. a3 Be7 19. Nb5 Bd7 20. Nd6+ Bxd6 21. Rxd6 Rad8 22. c5 Nc8 23. Rd3 e5 24. b4 a6 25. Rfd1 Be6 26. Rxd8 Rxd8 27. Rxd8 Nxd8 28. f4 exf4 29. Nxf4 Bc4 30. Nd5 Ne7 31. Ne3 Bb3 32. Kf2 g6 33. Bf3 Ke6 34. Be4 f5 35. Bf3 Ndc6 36. g5 Bd5 37. Ng2 Bxf3 38. Nf4+ Kf7 39. Kxf3 Nd8 40. Ng2 Ne6 41. Bc1 Nc6 42. Nxh4 a5 43. Bd2 axb4 44. axb4 f4 45. Ke4 Nxg5+ 46. Kxf4 Nxh3+ 47. Kg3 Ng1 48. Kf2 Nh3+ 49. Kg2 g5 50. Nf5 Nf4+ 51. Kf3 Nd3 52. b5 Nxc5 53. bxc6 bxc6 54. Nd4 Kf6 55. Nxc6 Nd7 56. Kg3 Kg6 57. Nd4 Ne5 58. Bc1 Nd3 59. Ba3 Ne5 60. Bb4 Kf6 61. Bc3 Kg6 62. Ba5 Kf6 63. Bc7 Nf7 64. Nb5 Kf5 65. Nd4+ Kf6 66. Kg4 Kg6 67. Kf3 Kg7 68. Nf5+ Kg6 69. Ng3 Kf6 70. Ke4 Kg6 71. Kd5 Kf6 72. Bb6 Kg6 73. Bd4 Nh6 74. Ke6 Nf7 75. Bb6 Nh6 76. Bd8 Nf7 77. Be7 Nh6 78. Bf6 Ng4 79. Bc3 Nh6 80. Ne4 Nf5 81. Ke5 g4 82. Kf4 g3 83. Kf3 Kf7 84. Ng5+ Kg6 85. Nh3 Kf7 86. Nf4 Ke7 87. Be5 Kd7 88. Kg4 g2 89. Nxg2 Ke6 90. Bb2 Nd6 91. Ne3 Ne8 92. Nc2 Nf6+ 93. Kf3 Nd7 94. Bd4 Kd5 95. Bg1 Ne5+ 96. Kf4 Nc6 97. Bb6 Ne7 98. Bd8 Kd6 99. Ke4 Nc6 100. Bb6 Ne5 101. Nb4 Nd7 102. Be3 Nc5+ 103. Kf5 Ne6 104. Nd3 Kd5 105. Bd2 Nd4+ 106. Kf4 Nc2 107. Nc1 1/2-1/2